书目信息 |
| 题名: |
汉英语林
|
|
| 作者: | 陈欣望编著 | |
| 分册: | ||
| 出版信息: | 上海 上海交通大学出版社 1991.12 |
|
| 页数: | 1837页 | |
| 开本: | 19cm | |
| 丛书名: | ||
| 单 册: | ||
| 中图分类: | H316 | |
| 科图分类: | ||
| 主题词: | 英语 | |
| 电子资源: | ||
| ISBN: | 7-313-00808-2 | |
| 000 | 00510nam0 2200181 45 | |
| 001 | 9911301546 | |
| 005 | 19991130154043.1 | |
| 010 | @a7-313-00808-2@d45.00 | |
| 100 | @a19991130d1991 km y0chiy0120 ea | |
| 101 | @achi | |
| 105 | @a z 000yy | |
| 200 | 1 | @a汉英语林@AHan Ying Yu Lin@f陈欣望编著@FChen Xin Wang Bian Zhu |
| 210 | @a上海@c上海交通大学出版社@d1991.12 | |
| 215 | @a1837页@c无图表@d19cm | |
| 606 | 0 | @a英语 |
| 690 | @aH316@v3 | |
| 801 | @aCN@bPerfectUser@c19991130 | |
| 905 | @aBZT@b41122@f1@dH316@e12 | |
| 汉英语林/陈欣望编著.-上海:上海交通大学出版社,1991.12 |
| 1837页:无图表;19cm |
| ISBN 7-313-00808-2:45.00 |
| ● |
| 相关链接 |
|
|
|
正题名:汉英语林
索取号:H316/12
 
预约/预借
| 序号 | 登录号 | 条形码 | 馆藏地/架位号 | 状态 | 备注 |
| 1 | 41122 | 200366282 | 特藏书库/藏009架A面1层3列/ [索取号:H316/12] | 在馆 |